Statistics for Actresses who won Oscars for Leading and Supporting Roles

Click here to take the quiz!

General Stats

  • This quiz has been taken 951 times
  • The average score is 3 of 6

Answer Stats

HintAnswer% Correct
Meryl Streep
94%
Cate Blanchett
41%
Ingrid Bergman
41%
Maggie Smith
36%
Jessica Lange
35%
Helen Hayes
26%

Score Distribution

Percentile by Number Answered

Percent of People with Each Score

Your Score History

You have not taken this quiz